000 01062 a2200229 4500
003 NUST
005 20230102175321.0
010 _a 81003463
020 _a0894433598
040 _cNust
082 0 0 _a371.95,PER
100 1 _aPerrone, Philip A.
_9106659
245 1 4 _aThe developmental education and guidance of talented learners /
_cPhilip A. Perrone, Robert A. Male.
260 _aRockville, Md. :
_bAspen Systems Corp.,
_c1981.
300 _axiii, 240 p. ;
_c24 cm.
505 _aSection. 1: issues and problems Related to the Unique Developmental Need of Persons With Talent Potential (Page-1), Section .2: The Fulfillment of Developmental Potential in Talented persons (Page-63), Section .3: How to Plan and Implement Programs to Foster Development of talent Potential (Page-143), Section .4: Resources (Page-209).
650 0 _aChild development.
_94294
650 0 _aGifted children
_xEducation
_zUnited States.
_9106660
650 0 _aTalented students
_zUnited States.
_9106661
700 1 _aMale, Robert A.
_9106662
942 _2ddc
_cBK
_k371.95,PER
999 _c185877
_d185877